Canciones de Bryant Myers (Algunas canciones no tienen feats) - Estadísticas

Estadísticas generales
  • Esta prueba ha sido intentada 73 veces
  • La puntuación promedio es 37 de 173
Estadísticas de respuestas
Pista Respuesta % Correcto
Clarent Killa
85%
Saiko ESKELETO
71%
Cris MJ Tuss
67%
Jahyco, Luar La L KTM
65%
2 K 1 6
63%
Bad Bunny Triste
60%
Esclava
58%
Acapella ft. El Alfa, Jon Z, Myke Towers, Almighty Acapella
56%
Un Ratito Más
56%
Kevin Roldan HASTA ABAJO
54%
Dei V Narcotics
54%
Pa Ti
54%
KEVVO, JQuiles, Alex Rose Ganas
50%
Gan-Ga
48%
Ousi Garchin
48%
Anuel AA , Yovngchimi, Casper Magico Presidentes Muertos
48%
SEDA
46%
Miky Woodz Ganas Sobran
44%
Dei v, Eladio Carrión, The Academy SI SI SI SI
44%
Eladio Carrion Animal
42%
Plan B Ponle Música
42%
De La Ghetto x Darell x Almighty Ojala
40%
Slayter, Hades66 9X19 - Remix
37%
Esclava Remix
37%
Anuel AA Gan-Ga Remix
37%
ROA... Jetski Remix
37%
Cosculluela Momentos
37%
Ella Y Yo
35%
Miky Woodz Me Han Hablau De Ti
35%
Kevin Roldan S.E.X.O
35%
Air Drop
33%
Chen Hunnids
33%
Por Que Sigues Con El
33%
Ovi Que Es Esto?
33%
Suave Remix
33%
WOW
33%
NTG Hacen Días
31%
Anuel AA Hoodie
31%
Miky Woodz No Ando Solo
31%
Rauw Alejandro, Lyanno Ojitos
31%
Marko Silva Te Echo De Menos
31%
Jon Z, Gigolo Y La Exce Vamos A Vernos
31%
Juliito White
31%
Bryant Myers
29%
Darte Remix
29%
Kevin Roldan EN EL B
29%
Me Mata
29%
Tanta Falta
29%
Embriagá
27%
En Que País
27%
Hasta Que Me Muera
27%
Nio Garcia x Arcangel x Young Blade x Bryant Myers Mantecado De Coco
27%
Mera Bebe
27%
Omy De Oro, Farruko, Chen, El Alfa, Julito Militar
27%
24/7
25%
Como Panas
25%
Cuatro Babys
25%
Nicky Jam, Arcangel, Darell, El Alfa WOW Remix
25%
Caile
23%
Chi-Partner
23%
Ella Y Yo Remix
23%
Guarida
23%
Zion & Lennox Indica
23%
La Llamada
23%
Farruko Prende Un Phillie
23%
Hydro, Yovngchimi Switch
23%
Tweet
23%
Alex Rose Bandolera
21%
El Efecto Remix
21%
En Otra Dimension
21%
LowKey
21%
Nio Garcia Nocturna
21%
Yovnchimi, Dei V, Ankhal On Fleek
21%
Por Que Sigues Con El (Remix)
21%
Miky Woodz Secreto
21%
Miky Woodz Tengo Una Idea
21%
Bendecido
19%
Tory Lanez Y Farruko Birthday
19%
Conexión
19%
En Su Nota
19%
Casper Magico, Bryant Myers, Alex Rose & Juhn Fantasmita Remix
19%
Relax
19%
Kevin Roldan After Party
17%
Kevin Roldan CARTAGENA
17%
Jon Z Hasta La Muerte Acicalau
17%
Rauw Alejandro Mis Dias Sin Ti
17%
No Eres Mia
17%
Green Cookie, Juhn Shampoo Remix
17%
Jon Z ❌ Baby Rasta ❌ Bryant Myers ❌ Cosculluela ❌ Boy Wonder CF Soltero
17%
Tentación
17%
Tito El Bambino Tu Sabes
17%
White Socks
17%
Activa
15%
Ahora Me Llama Remix
15%
Bajen Pa' Ca'
15%
iZaak, Miky Woodz Contigo O Sin Ti
15%
Dólares
15%
Miky Woodz Noche De Fantasia
15%
Nio Garcia, Bryant Myers, Miky Woodz, Lenny Tavarez, Jay Wheeler Nocturna Remix
15%
PACTO Remix
15%
Pa' Pasar El Rato
15%
Blackinny... Rescato Remix
15%
Kevin Roldan UFFF
15%
Viejos Tiempos
15%
Volvamos Hablar
15%
Caribe Hilton
13%
Rochy RD Cuando Taba Bobo
13%
De Camino A Marte
13%
Deseos
13%
Brytiago El Congreso
13%
Miky Woodz Nah
13%
No Somos Ná
13%
Quimico Ultra Mega Que Va A Pasar
13%
Quieres Enamorarme
13%
Barbosa, Bad Bunny Te Descuidó
13%
Ay Mami
12%
Circunstancias
12%
Miky Woodz Esa No Era
12%
Fundota
12%
Se Fuerte
12%
Spicy Crab
12%
Nicky Jam Tanta Falta Remix
12%
Kevin Roldan TU NOVIO ES UNA LOCA
12%
Amarion... 5 Estrellas
10%
De Camino A Marte (Remix)
10%
Dentro De Ti
10%
Karma
10%
Cromo X, La Insuperable La Para
10%
La Pegajosa
10%
Nio Garcia, Arcangel, Bryant Myers, Amenazzy Alex Rose y Young Blade Mantecado De Coco Remix
10%
Messiah Mas Que Ustedes
10%
No Te Quieren Conmigo Remix
10%
PALABRAS SOBRAN Remix
10%
Po' Encima
10%
Juhn, Miky Woodz, Bryant Myers, Lary Over Se Nota
10%
Miky Woodz Te Descubrí
10%
Armao 100pre Andamos (Remix)
8%
Shadow Blow ❌ Bryant Myers ❌ Tivi Gunz Cambia De Planes
8%
EZ El Ezeta, Joniel, Baby Rasta Como Una 40
8%
Darell, Leo Bash La Uni
8%
Otra Mujer
8%
Otra No
8%
Si Te Quedas
8%
Producto Sin Corte Ying Yang
8%
NACHO ❌ BRYANT MYERS ❌ DAYME Y EL HIGH ❌ MC BIN LADEN ❌ ALMIGHTY Cadela
6%
Young Blade Instagram
6%
Los Tres 7 Remix
6%
Maliante Hp Remix
6%
No Love
6%
Que La Lamban
6%
Si, Aja
6%
Tacos Altos
6%
Alcover, Adriel Favela Ya Lo Veras
6%
Al Dia
4%
Como Los Tiempos De Antes
4%
Dile A Tu Marido
4%
Hablame Claro
4%
Lazzy (Remix)
4%
Lealtad X Dinero 2.0 Remix
4%
Maldad
4%
Mucho Humo
4%
No Mientas
4%
Actua
2%
Dile A Tu Marido (Remix)
2%
Gan-Ga Uptown Remix
2%
Yeruza Gan-ga Yeruza Remix
2%
Gastar
2%
Kumbia King
2%
Te Besaré
2%
Cosculluela, Kevin Roldan... After Party Remix
0%
Culpables Remix
0%
MOLY, Bryant Myers, Mike Bahía, Andy Rivera Te Besaré (Salsa Remix)
0%
Alcover, Adriel Favela Ya Lo Veras - Reggaeton Version
0%
No se encontraron pruebas coincidentes
Distribución de puntuación
Porcentaje de gente con cada puntuación
Porcentaje por número respondido
Historial de tus puntuaciones
No has intentado esta prueba.